000 00503nmm a2200169Ia 4500
008 251105s9999||||xx |||||||||||||||||und||
020 _a9788499402253
041 _aspa
100 _aLezra, Jacques
245 0 _aMaterialismo salvaje
264 _a[Madrid, España] :
_bBiblioteca Nueva,
_c2012
300 _a344 páginas
490 _aBiblioteca Saavedra Fajardo de pensamiento político
650 _aPhilosophy, Ethics
856 _uhttps://public.digitaliapublishing.com/a/17017
942 _cCF
999 _c92636
_d92636